Las paradojas del infinito /
Obra del matemático checo Bernard Bolzano, (1781-1848), que fuera publicada en 1851. Es un clásico de la ciencia y un texto fundamental del pensamiento matemático moderno. La obra trata de las paradojas matemáticas y físicas que se desprenden de la noción de infinito y es además un resumen de su sis...
I tiakina i:
| Kaituhi matua: | |
|---|---|
| Hōputu: | Pukapuka |
| Reo: | Pāniora |
| I whakaputaina: |
México :
UNAM, Facultad de Ciencias,
2005, c1991
|
| Rangatū: | (Mathema)
|
| Ngā marau: | |
| Ngā Tūtohu: |
Kāore He Tūtohu, Me noho koe te mea tuatahi ki te tūtohu i tēnei pūkete!
|
MARC
| LEADER | 00000nam^a2200000^a^4500 | ||
|---|---|---|---|
| 001 | 000184964 | ||
| 005 | 20250521000000.0 | ||
| 009 | 20260310102133.998 | ||
| 020 | |a 968-36-1894-4 | ||
| 037 | |a Acervo ITESO - Biblioteca | ||
| 041 | |a ESP | ||
| 082 | |a 511. 3 |b BOL | ||
| 100 | |a Bolzano, Bernard |e (autor) | ||
| 245 | 1 | 4 | |a Las paradojas del infinito / |c B. Bolzano ; introd. de Jan Sebestik ; tr. por Luis Felipe Segura. |
| 264 | 4 | |a México : |b UNAM, Facultad de Ciencias, |c 2005, c1991 | |
| 300 | |a XXIII, 129 p. | ||
| 336 | |a texto |b txt |2 rdacontenido | ||
| 337 | |a sin mediación |b n |2 rdamedio | ||
| 338 | |a volumen |b nc |2 rdasoporte | ||
| 440 | 1 | |a (Mathema) | |
| 500 | |a Traducción de: Paradoxien des Unendlichen | ||
| 520 | |a Obra del matemático checo Bernard Bolzano, (1781-1848), que fuera publicada en 1851. Es un clásico de la ciencia y un texto fundamental del pensamiento matemático moderno. La obra trata de las paradojas matemáticas y físicas que se desprenden de la noción de infinito y es además un resumen de su sistema matemático, de su física y de su ontología. Pero la parte matemática es la que inaugura un campo de investigaciones nuevo que esta íntimamente ligado al infinito. Una de las novedades de esta obra consiste en la introducción de un punto de vista conjuntista de las matemáticas. | ||
| 649 | |a XX | ||
| 650 | |a Paradojas | ||
| 650 | |a Procesos Infinitos | ||
| 650 | |a Probabilidad | ||
| 650 | |a Juegos Matemáticos | ||
| 650 | |a Lógica | ||
| 650 | |a Matemáticas - |x Filosofía | ||
| 910 | |a Fondo General | ||
| 920 | |a Impresos - Libros | ||
| 930 | |a Colección General | ||
| 905 | |a 101 | ||
| 901 | |a 0500126104 |b IT1 |c ACC |u 20250521 | ||
| 902 | |a https://opac.biblio.iteso.mx/vufind/Record/000184964 | ||